000 00657nam a22002537a 4500
003 OSt
005 20140310182015.0
008 121121t xxu||||| |||| 00| 0 eng d
020 _a078073004508
050 _aPZ 7
_b.M379 1999
082 _aKF
_bM36bs 1999
100 _aMartin, Ann M.
245 _aEverything changes /
_cAnn M. Martin.
260 _aNew York :
_bScholastic,
_c1999.
300 _a183 p. ;
_b19 cm.
541 _j1
562 _e1
650 _aFriends
_96456
650 _aFriendship
_93637
650 _aBoyfriends
_96457
650 _aFriendship feuds
_xfiction
_96458
700 _aMartin, Ann M.
942 _2lcc
_cBK-KF
_kKF
999 _c8217
_d8217